000 nam a22 7a 4500
999 _c8701
_d8701
008 180119b ||||| |||| 00| 0 eng d
100 _aKumar.V.
_95056
245 _aGeography Map Work Book
260 _aNew Delhi
_bGoyal
_c2008